<?xml version="1.0" encoding="UTF-8"?>
<record
    xmlns:xsi="http://www.w3.org/2001/XMLSchema-instance"
    xsi:schemaLocation="http://www.loc.gov/MARC21/slim http://www.loc.gov/standards/marcxml/schema/MARC21slim.xsd"
    xmlns="http://www.loc.gov/MARC21/slim">

  <leader>00773nam a2200193Ia 4500</leader>
  <controlfield tag="008">151121s9999||||xx |||||||||||||| ||und||</controlfield>
  <datafield tag="082" ind1=" " ind2=" ">
    <subfield code="a">294&#x964;5/&#x915;&#x941;&#x932;&#x915;</subfield>
  </datafield>
  <datafield tag="082" ind1=" " ind2=" ">
    <subfield code="b">HNW-115867</subfield>
  </datafield>
  <datafield tag="100" ind1=" " ind2=" ">
    <subfield code="a">&#x915;&#x941;&#x932;&#x915;&#x930;&#x94D;&#x923;&#x940; &#x92C;&#x902;&#x921;&#x94B;&#x92A;&#x902;&#x924;</subfield>
  </datafield>
  <datafield tag="245" ind1=" " ind2=" ">
    <subfield code="a">"&#x91C;&#x94D;&#x91E;&#x93E;&#x928;&#x93E; &#x924;&#x941; &#x915;&#x93E; &#x90F;&#x915;,&#x91A;&#x94B;&#x916; &#x935; &#x92E;&#x941;&#x915;&#x94D;&#x924;"</subfield>
  </datafield>
  <datafield tag="260" ind1=" " ind2=" ">
    <subfield code="b">&#x938;&#x902;&#x917;&#x940;&#x924;&#x93E; &#x92C;&#x902;&#x921;&#x94B;&#x92A;&#x902;&#x924; &#x915;&#x941;&#x932;&#x915;&#x930;&#x94D;&#x923;&#x940;</subfield>
  </datafield>
  <datafield tag="260" ind1=" " ind2=" ">
    <subfield code="c">2014</subfield>
  </datafield>
  <datafield tag="300" ind1=" " ind2=" ">
    <subfield code="a">180</subfield>
  </datafield>
  <datafield tag="600" ind1=" " ind2=" ">
    <subfield code="a">&#x915;&#x941;&#x932;&#x915;&#x930;&#x94D;&#x923;&#x940; &#x92C;&#x902;&#x921;&#x94B;&#x92A;&#x902;&#x924;</subfield>
  </datafield>
  <datafield tag="630" ind1=" " ind2=" ">
    <subfield code="a">"&#x91C;&#x94D;&#x91E;&#x93E;&#x928;&#x93E; &#x924;&#x941; &#x915;&#x93E; &#x90F;&#x915;,&#x91A;&#x94B;&#x916; &#x935; &#x92E;&#x941;&#x915;&#x94D;&#x924;"</subfield>
  </datafield>
  <datafield tag="700" ind1=" " ind2=" ">
    <subfield code="a">&#x915;&#x941;&#x932;&#x915;&#x930;&#x94D;&#x923;&#x940; &#x92C;&#x902;&#x921;&#x94B;&#x92A;&#x902;&#x924;</subfield>
  </datafield>
  <datafield tag="730" ind1=" " ind2=" ">
    <subfield code="a">"&#x91C;&#x94D;&#x91E;&#x93E;&#x928;&#x93E; &#x924;&#x941; &#x915;&#x93E; &#x90F;&#x915;,&#x91A;&#x94B;&#x916; &#x935; &#x92E;&#x941;&#x915;&#x94D;&#x924;"</subfield>
  </datafield>
  <datafield tag="942" ind1=" " ind2=" ">
    <subfield code="c">BOOK</subfield>
  </datafield>
  <datafield tag="999" ind1=" " ind2=" ">
    <subfield code="c">1264563</subfield>
    <subfield code="d">1264560</subfield>
  </datafield>
  <datafield tag="952" ind1=" " ind2=" ">
    <subfield code="0">0</subfield>
    <subfield code="1">0</subfield>
    <subfield code="4">0</subfield>
    <subfield code="7">0</subfield>
    <subfield code="a">HNW</subfield>
    <subfield code="b">HNW</subfield>
    <subfield code="d">2014-12-18</subfield>
    <subfield code="g">100.00</subfield>
    <subfield code="l">0</subfield>
    <subfield code="o">HNW-115867</subfield>
    <subfield code="p">HNW-115867</subfield>
    <subfield code="r">2015-11-21 00:00:00</subfield>
    <subfield code="v">100.00</subfield>
    <subfield code="w">2015-11-21</subfield>
    <subfield code="y">BOOK</subfield>
  </datafield>
</record>
